[Event "Forni di Sopra 16th"]
[Site "Forni di Sopra"]
[Date "2025.06.14"]
[Round "9"]
[White "Paasikangas Tella, Johanna"]
[Black "Simoni, Matteo"]
[Result "1-0"]
[WhiteElo "2112"]
[BlackElo "2012"]
[PlyCount "103"]
[EventDate "2025.06.07"]
[EventType "swiss"]
[EventRounds "9"]
[EventCountry "ITA"]
[SourceTitle "CB26_2025"]
[SourceDate "2025.06.25"]
[SourceVersion "1"]
[SourceVersionDate "2025.06.25"]
[SourceQuality "1"]

1. d4 Nf6 2. c4 g6 3. Nc3 d5 4. Nf3 Bg7 5. Bg5 Ne4 6. cxd5 Nxc3 7. bxc3 Qxd5 8. e3 Qa5 9. Qb3 c5 10. Bc4 e6 11. 0-0 0-0 12. Be7 Re8 13. Bxc5 Qc7 14. a4 b6 15. Ba3 Bb7 16. Be2 Nd7 17. Rac1 Nf6 18. c4 Ng4 19. d5 exd5 20. cxd5 Qd7 21. Rfd1 Rec8 22. h3 Rxc1 23. Bxc1 Nf6 24. d6 Ne4 25. Ba3 Nc3 26. Bb5 Nxb5 27. axb5 Bxf3 28. gxf3 Qxh3 29. d7 Rd8 30. Qd5 Bf6 31. f4 Qg4+ 32. Kf1 Qe6 33. Rd2 Qxd5 34. Rxd5 Bh4 35. f5 gxf5 36. f4 Kg7 37. Bd6 Ra8 38. Rxf5 a5 39. bxa6 Rxa6 40. Rg5+ Bxg5 41. fxg5 Ra8 42. Be7 h6 43. gxh6+ Kxh6 44. d8Q Rxd8 45. Bxd8 b5 46. Ke2 Kg6 47. Kd3 Kf5 48. Kd4 b4 49. Kc4 f6 50. Bc7 Ke4 51. Bf4 f5 52. Kxb4 1-0